000 00671nam a22002057a 4500
999 _c158696
_d158696
005 20230712143721.0
010 _aENG-124294 ENG-137374
020 _a9789353162238
_c795.00
035 _aEN-107826 EN-120906
037 _bDBAD/PUB.
082 _a657
100 _aMohammed Hanif
245 _aModern Accountancy /
_cby Mohammed Hanif [and] Amitabha Mukherjee
250 _a3rd ed.
260 _aChennai
_bMcGraw Hill
_c2019
270 _a444/1, Sri Ekambara Naicker Industrial Estate, Alapakkam, Porur,
_bChennai
_e600116
300 _axxxv,various paging
_c27cm(pbk)
_bill.
700 _aAmitabha Mukherjee
942 _2ddc
_cEN
_mMOH
_h657